Restaurants By Google Review #6 - Statistics

General Stats
  • This quiz has been taken 20 times
  • The average score is 6 of 8
Answer Stats
Question Answer % Correct
My dad ordered his usual for dinner, Chicken & Pancakes. He decided not to order a drink until his food arrived. He orders orange juice, She then says “Really? You guys don’t usually drink orange juice with chicken, We have lemonade!” Her ignorance gave her the balls to come at my beautiful family dynamic in such a condescending manor. At this point we were all completely uncomfortable and disgusted by the acts and remarks that she spewed - we asked for the bill and to go containers with the intention to immediately exit that establishment. Cracker Barrel
100%
2 for $6 Greek Gyros were honestly delicious! The French dip and Swiss is also really tasty. I was pleasantly surprised at the prompt service and quality of the food. I will be returning soon. Arby's
80%
They expect you to order a decent sized cup and hand the world's smallest spoon. Like what and dont have bigger spoons so b y.o.s. BRING YOUR OWN SPOON 🤣 … Baskin Robins
80%
no cause whoever prepared my order must’ve been dropped on their head HEAVY as a child. paid extra for sauces and got none of them. the fries may not have even been cooked all the way through and maybe got like 15 tiny worm looking fries i paid EXTRA 5$ for. i just wanted some wings and fries on this bad day BUT TWO OF MY WINGS WERE MISSING AS WELL. i guess the extra 10 seconds it takes to put the celery/carrots in my order is a hassle, too. GOD FORBID you have to do the job you signed up for. i hope you hit every redlight and your future babies cry every single night for the first 2 years straight and you can’t even remember what a good night’s sleep IS. EVER. Buffalo Wild Wings
80%
In December 2021 I did witness this ********* being robbed. I'm pretty sure the worked said "my pleasure" to the robber, that's how well trained they are. They were literally right back at it serving delicious chicken right after the robbery. I thought they'd take a sec to regroup, but no. They let the kid who interacted the the robber leave and then they were back at it. Truly amazing. And if you're curious, the guy was caught pretty quickly. It was my first time witnessing a crime though, so that was memorable. Chick-Fil-A
80%
Best place to get gluten free subs. I have never once gotten sick, and eat there very often. Jersey Mike's
80%
Cucumbers rotten! Yuck. Salmon dry. Potato nasty. Who's cooking ??? 10 yr olds??? Look at that! Outback Steakhouse
60%
Usually the cheddar dinner rolls are warm , fresh and delicious! They were dry, room temperature and just ok. The shrimp were pretty good. Really small, but not overly spicy. Red Lobster
60%
No matching quizzes found
Score Distribution
Percent of People with Each Score
Percentile by Number Answered
Your Score History
You have not taken this quiz